MARC

LEADER 00000naa2a2200000 4500
001 634184
005 20231214124903.0
035 |a (RuTPU)RU\TPU\conf\35969 
035 |a RU\TPU\conf\35965 
090 |a 634184 
100 |a 20220412d2021 k y0rusy50 ca 
101 0 |a rus 
102 |a RU 
105 |a y z 101zy 
135 |a drgn ---uucaa 
181 0 |a i  
182 0 |a b 
200 1 |a Проблема выбросов радиоактивных газов при увеличении мощности АЭС  |f О. В. Кульбида  |g науч. рук. С. В. Лавриненко 
203 |a Текст  |c электронный 
225 1 |a Экологические проблемы энергетики 
300 |a Заглавие с экрана 
320 |a [Библиогр.: с. 304-305 (5 назв.)] 
463 0 |0 (RuTPU)RU\TPU\conf\35907  |t Бутаковские чтения  |o материалы I Всероссийской с международным участием молодежной конференции, 15-16 декабря 2021 г., Томск  |f Национальный исследовательский Томский политехнический университет, Инженерная школа энергетики ; ред. кол. В. Е. Губин, Л. В. Савостьянова, А. О. Жданова [и др.]  |v [С. 301-305]  |d 2021 
610 1 |a электронный ресурс 
610 1 |a труды учёных ТПУ 
610 1 |a выбросы 
610 1 |a радиоактивные газы 
610 1 |a АЭС 
610 1 |a газообразные отходы 
610 1 |a газоочистка 
610 1 |a газгольдеры 
610 1 |a адсорберы 
610 1 |a активированный уголь 
700 1 |a Кульбида  |b О. В. 
702 1 |a Лавриненко  |b С. В.  |c специалист в области теплоэнергетики  |c старший преподаватель Томского политехнического университета  |f 1986-  |g Сергей Викторович  |4 727  |9 14537 
712 0 2 |a Национальный исследовательский Томский политехнический университет  |b Инженерная школа энергетики  |b Научно-образовательный центр И. Н. Бутакова (НОЦ И. Н. Бутакова)  |3 (RuTPU)RU\TPU\col\23504 
801 2 |a RU  |b 63413507  |c 20220415  |g RCR 
856 4 |u http://earchive.tpu.ru/handle/11683/70604 
942 |c BK